Top 10 séries chirurgicales - Statistiques

Statistiques générales
  • Ce quiz a été pris 101 fois
  • Le résultat moyen est 3 sur 10
Statistiques - réponses
Hint Réponse % Correct
n°4 Grey's Anatomy
94%
n°3 Urgences
55%
n°1 Dr house
52%
n°6 H
39%
n°2 Scrubs
19%
n°5 Nip TUck
8%
n°7 Private Practice
6%
n°8 Nurse Jackie
3%
n°9 M A S H
1%
n°10 The Knick
0%
Aucun quiz correspondant
Distribution des résultats
% des personnes avec chaque résultat
Percentile par nombre de réponses
Votre historique - résultats
Vous n’avez pas pris ce quiz